|
|
|
|
| LEADER |
00618nab a2200157 i 4500 |
| 001 |
misc423 |
| 005 |
20191106144135.0 |
| 008 |
170607s1899 hu o 0|| ger d |
| 040 |
|
|
|a SZTE Miscellanea Repozitórium
|b hun
|
| 041 |
|
|
|a ger
|
| 245 |
0 |
0 |
|a Adatok
|h [elektronikus dokumentum] :
|b Szerződés a magyar-horvát tengerpart megvételéről az alsó-ausztriai kamara által 1692-ben
|
| 260 |
|
|
|c 1899
|
| 300 |
|
|
|a 258-262
|
| 490 |
0 |
|
|a Magyar gazdaságtörténelmi szemle
|v 6
|
| 695 |
|
|
|a Közgazdaságtudomány, Gazdaságtörténet
|
| 856 |
4 |
0 |
|u http://misc.bibl.u-szeged.hu/423/1/gazd_tort_szeml_1899_258-262.pdf
|z Dokumentum-elérés
|